Prohibición de regreso (Registro nro. 31390)
[ vista simple ]
| 000 -LEADER | |
|---|---|
| fixed length control field | 00348 a2200121 4500 |
| 001 - CONTROL NUMBER | |
| control field | ART_29930 |
| 005 - DATE AND TIME OF LATEST TRANSACTION | |
| control field | 20260410162002.0 |
| 008 - FIXED-LENGTH DATA ELEMENTS--GENERAL INFORMATION | |
| fixed length control field | 260409a |
| 100 1# - MAIN ENTRY--PERSONAL NAME | |
| Personal name | Kleiman, Hernán |
| 245 10 - TITLE STATEMENT | |
| Title | Prohibición de regreso |
| 700 1# - ADDED ENTRY--PERSONAL NAME | |
| Personal name | Tello, Pablo L. |
| 773 0# - HOST ITEM ENTRY | |
| Title | Intercátedras |
| Related parts | IV y V Encuentro 2013 - Nº 2 (jun. 2014) |
| Record control number | REV29919 |
No hay ítems disponibles.